[Event "RSA Inter Regional-ch"]
[Site "Boksburg"]
[Date "2018.01.10"]
[Round "4.4"]
[White "Grootboom, Elrich E"]
[Black "Kubheka, Lucky"]
[Result "0-1"]
[WhiteElo "1632"]
[BlackElo "1671"]
[PlyCount "131"]
[EventDate "2018.01.09"]
[EventType "team-swiss"]
[EventRounds "7"]
[EventCountry "RSA"]
[SourceTitle "CBM 189 Extra"]
[Source "ChessBase"]
[SourceDate "2019.06.03"]
[SourceVersion "1"]
[SourceVersionDate "2019.06.03"]
[SourceQuality "1"]
[WhiteTeam "Ekurhuleni"]
[BlackTeam "Ekurhuleni III"]
[WhiteTeamCountry "RSA"]
[BlackTeamCountry "RSA"]

1. d4 Nf6 2. c4 c5 3. Nf3 g6 4. Nc3 Bg7 5. Bg5 0-0 6. Qd2 cxd4 7. Nxd4 Nc6 8. Nf3 Qb6 9. Rb1 Ng4 10. e3 h6 11. Nd5 Qd8 12. Bf4 d6 13. e4 e5 14. Bg3 Be6 15. h3 Nf6 16. Nxf6+ Bxf6 17. Be2 Qc7 18. 0-0 Bg7 19. b3 Rad8 20. Bh4 g5 21. Bg3 Ne7 22. Nh2 f5 23. f3 f4 24. Bf2 Ng6 25. Rfd1 b6 26. Qb4 h5 27. Rb2 Rf7 28. Rbd2 Bf8 29. Qc3 Rh7 30. Rd3 Nh8 31. Qe1 Qg7 32. c5 bxc5 33. Bxc5 Qc7 34. Bf2 Rc8 35. h4 Nf7 36. hxg5 Nxg5 37. Bh4 Rg7 38. Kh1 Qc6 39. Qf2 Rcc7 40. Nf1 Rg6 41. Nd2 Rcg7 42. Bf1 a6 43. Nb1 Nxe4 44. fxe4 Qxe4 45. Nc3 Qf5 46. Rf3 Qf7 47. Ne4 Bg4 48. Bc4 Be6 49. Bxe6 Qxe6 50. Rg1 d5 51. Ng3 fxg3 52. Rxf8+ Kh7 53. Qf5 Qxf5 54. Rxf5 Rg4 55. Bf6 Rf7 56. Rgf1 Kg6 57. Rxe5 Rxf6 58. Rxf6+ Kxf6 59. Rxd5 Re4 60. Rd1 Re2 61. Ra1 Rb2 62. Kg1 Ke5 63. Kf1 Ke4 64. Rc1 Rf2+ 65. Ke1 Rxg2 66. Rc4+ 0-1

[Event "RSA-chT U20"]
[Site "Boksburg"]
[Date "2018.01.07"]
[Round "6.5"]
[White "Samuel, Caleb"]
[Black "Kubheka, Lucky"]
[Result "0-1"]
[WhiteElo "1687"]
[BlackElo "1459"]
[PlyCount "126"]
[EventDate "2018.01.04"]
[EventType "team-tourn"]
[EventRounds "7"]
[EventCountry "RSA"]
[SourceTitle "CBM 182 Extra"]
[Source "ChessBase"]
[SourceDate "2018.02.23"]
[SourceVersion "1"]
[SourceVersionDate "2018.02.23"]
[SourceQuality "1"]
[WhiteTeam "Western Province U20"]
[BlackTeam "Ekurhuleni U20"]
[WhiteTeamCountry "RSA"]
[BlackTeamCountry "RSA"]

1. e4 c5 2. Nc3 d6 3. f4 Nf6 4. Nf3 e6 5. Bb5+ Bd7 6. Bxd7+ Nbxd7 7. d3 Be7 8. 0-0 0-0 9. Kh1 a6 10. Qe1 b5 11. e5 Ne8 12. Qg3 g6 13. Ne4 h6 14. Qh3 d5 15. Ng3 h5 16. Bd2 Ng7 17. Rae1 Re8 18. Ng5 Nf8 19. Rf2 Nf5 20. Nxf5 exf5 21. Nf3 Ne6 22. g3 Qc7 23. Qg2 Red8 24. h3 Kg7 25. g4 hxg4 26. hxg4 Rh8+ 27. Kg1 Nd4 28. Nxd4 cxd4 29. gxf5 Bh4 30. fxg6 Bxf2+ 31. Kxf2 fxg6 32. f5 Qf7 33. f6+ Kg8 34. Bg5 Re8 35. Re2 Qe6 36. Kg1 Kf7 37. Bf4 Rh4 38. Bg3 Rh5 39. Bf4 Reh8 40. Kf2 Rf5 41. Kg3 Rxf4 42. Kxf4 Rh4+ 43. Kg5 Rh5+ 44. Kf4 Qf5+ 45. Kg3 Rg5+ 46. Kh2 Rxg2+ 47. Kxg2 Ke6 48. Rf2 Qg5+ 49. Kf1 Qh6 50. f7 Qf8 51. Kg2 Kxe5 52. Kg3 b4 53. Kg4 Ke6 54. Kg5 Qxf7 55. Rxf7 Kxf7 56. Kf4 Kf6 57. Kg4 g5 58. a3 a5 59. a4 Kg6 60. Kg3 Kf5 61. Kf3 g4+ 62. Ke2 Kf4 63. c3 dxc3 0-1

[Event "RSA-chT U20"]
[Site "Boksburg"]
[Date "2018.01.06"]
[Round "5.5"]
[White "Kubheka, Lucky"]
[Black "Valentyn, Jason"]
[Result "1-0"]
[WhiteElo "1459"]
[BlackElo "1228"]
[PlyCount "105"]
[EventDate "2018.01.04"]
[EventType "team-tourn"]
[EventRounds "7"]
[EventCountry "RSA"]
[SourceTitle "CBM 182 Extra"]
[Source "ChessBase"]
[SourceDate "2018.02.23"]
[SourceVersion "1"]
[SourceVersionDate "2018.02.23"]
[SourceQuality "1"]
[WhiteTeam "Ekurhuleni U20"]
[BlackTeam "Nelson Mandela Bay U20"]
[WhiteTeamCountry "RSA"]
[BlackTeamCountry "RSA"]

1. Nf3 d5 2. g3 c5 3. Bg2 Nc6 4. d3 e6 5. Nbd2 Bd6 6. e4 Nge7 7. 0-0 0-0 8. Re1 Ng6 9. Nf1 d4 10. c3 e5 11. cxd4 cxd4 12. a3 a5 13. h4 b5 14. b3 Qb6 15. N1h2 Be6 16. Ng5 Ra7 17. Qh5 h6 18. Nxe6 fxe6 19. Qxg6 Rf6 20. Qe8+ Kh7 21. Ng4 Rg6 22. h5 Rxg4 23. Qxe6 Rxg3 24. fxg3 Ne7 25. Rf1 Rc7 26. Bxh6 Bc5 27. Qxb6 Bxb6 28. Bg5 Ng8 29. Rac1 Rc3 30. Rxc3 dxc3+ 31. Kh2 Nh6 32. Bh3 Ng8 33. Rc1 b4 34. axb4 axb4 35. Kg2 Bc5 36. Rc2 Nf6 37. Bxf6 gxf6 38. Kf3 Kh6 39. Kg4 Be7 40. Bg2 Kg7 41. Kf5 Kf7 42. Bf3 Bf8 43. Bd1 Bh6 44. Ra2 Be3 45. Ra4 Bc5 46. Ra5 Bf8 47. Ra7+ Be7 48. h6 c2 49. Bxc2 Kf8 50. h7 Kg7 51. Rxe7+ Kh8 52. Kg6 f5 53. Re8# 1-0

[Event "RSA-chT U20"]
[Site "Boksburg"]
[Date "2018.01.04"]
[Round "2.5"]
[White "Mbhele, Nkazimulo"]
[Black "Kubheka, Lucky"]
[Result "0-1"]
[WhiteElo "1131"]
[BlackElo "1459"]
[PlyCount "112"]
[EventDate "2018.01.04"]
[EventType "team-tourn"]
[EventRounds "7"]
[EventCountry "RSA"]
[SourceTitle "CBM 182 Extra"]
[Source "ChessBase"]
[SourceDate "2018.02.23"]
[SourceVersion "1"]
[SourceVersionDate "2018.02.23"]
[SourceQuality "1"]
[WhiteTeam "Ethekwini U20"]
[BlackTeam "Ekurhuleni U20"]
[WhiteTeamCountry "RSA"]
[BlackTeamCountry "RSA"]

1. e4 c5 2. Nf3 d6 3. c3 Nf6 4. d4 cxd4 5. cxd4 Nxe4 6. Nc3 Nxc3 7. bxc3 g6 8. Bb5+ Bd7 9. Bxd7+ Nxd7 10. 0-0 Bg7 11. Ng5 0-0 12. Re1 Rc8 13. Bb2 Nb6 14. Qb3 Nc4 15. Re2 d5 16. Ba3 Nxa3 17. Qxa3 e5 18. Nf3 e4 19. Nd2 Qc7 20. Rc1 a6 21. Nb3 Rfe8 22. Qc5 Qxc5 23. Nxc5 b6 24. Nxa6 Bxd4 25. Nb4 Red8 26. Rd1 Bxc3 27. Nxd5 Bg7 28. Red2 Kf8 29. Ne3 Rxd2 30. Rxd2 Rc1+ 31. Rd1 Rxd1+ 32. Nxd1 Ke7 33. Kf1 Kd6 34. Ke2 Kc5 35. Kd2 Kb4 36. Kc2 Ka3 37. Kb1 Bd4 38. Ne3 Bxe3 39. fxe3 f5 40. g3 b5 41. h4 b4 42. Ka1 h5 43. Kb1 b3 44. axb3 Kxb3 45. Kc1 Kc3 46. Kd1 Kd3 47. Ke1 Kxe3 48. Kf1 Kf3 49. g4 hxg4 50. h5 gxh5 51. Kg1 e3 52. Kh1 e2 53. Kh2 h4 54. Kg1 e1Q+ 55. Kh2 g3+ 56. Kh3 Qh1# 0-1